Rekonštrukcia vykurovania v sakrálnej stavbe

Gespeichert in:
Bibliographische Detailangaben
1. Verfasser: Šimková, Adriána (Verfasst von)
Weitere Verfasser: Koudelková, Daniela (Betreuung Doktorarbeit)
Format: Manuskript Buch
Sprache:Slowakisch
Veröffentlicht: 2015
Schlagworte:
Online-Zugang:http://is.stuba.sk/zp/portal_zp.pl?podrobnosti=113687
https://opac.crzp.sk/?fn=detailBiblioForm&sid=A7BD2F096A49022F2FC39037FE46
Tags: Tag hinzufügen
Keine Tags, Fügen Sie das erste Tag hinzu!

MARC

LEADER 00000ntm a22000003a 4500
001 stuzp50526
003 SK-STU
005 20231113161239.0
007 ta
008 150427s2015----xo-----f-mn---000-0-slo-d
040 |a STU  |b slo 
041 0 |a slo 
100 1 |a Šimková, Adriána  |u 010290  |4 aut  |U SvF Stavebná fakulta  |T SvF Katedra technických zariadení budov  |X 67663  |U V290  |Y 31  |7 A000067663 
242 0 1 |a Reconstruction of heating in sacred building  |y eng 
245 1 0 |a Rekonštrukcia vykurovania v sakrálnej stavbe 
260 |c 2015 
650 4 |a elektrické podlahové vykurovanie  |2 slo 
650 4 |a elektrický infražiarič  |2 slo 
650 4 |a priamo-výhrevný konvektor  |2 slo 
650 4 |a the calorific convector heater  |2 eng 
650 4 |a electric infra-heater  |2 eng 
650 4 |a electric floor heating  |2 eng 
700 1 |a Koudelková, Daniela  |4 ths  |X 793  |7 A000000793 
856 4 |u http://is.stuba.sk/zp/portal_zp.pl?podrobnosti=113687 
856 4 |u https://opac.crzp.sk/?fn=detailBiblioForm&sid=A7BD2F096A49022F2FC39037FE46 
SQL |a stuzp50526  |b DDP  |c SLO  |d Rekonštrukcia vykurovania v sakrálnej stavbe  |e 67663  |f Šimková, Adriána  |g 010290  |h 793  |i Koudelková, Daniela  |j 20150616  |k 24  |l 01  |m http://is.stuba.sk/zp/portal_zp.pl?podrobnosti=113687  |n I-TZB  |o 5.1.4. pozemné stavby